000 00444nam a2200157 i 4500
001 20333
003 ES-MaACL
005 20230906152259.0
007 t|
008 021111s1911 sp |||| | spa d
100 1 _aAguilar y García, Antonio.
_918752
245 1 3 _aEl contrato y el derecho real de foro /
_cpor Antonio Aguilar y García.
260 _aMadrid :
_bJuan Pueyo,
_c1911.
300 _a438 p. ;
_c23 cm.
852 _aES-MaACL
_jD-383
999 _c20333
_d20333